000 00575nam a2200229Ia 4500
003 OSt
005 20220924152247.0
006 a|||||r|||| 00| 0
007 ta
008 220923b |||||||| |||| 00| 0 mar d
024 _a341730
037 _cTextual
040 _aARTS
_cARTS
_bmar
041 _2mar
_amar
082 _aO155,3NAL2,1, K9
100 _aKaley Vijaya
_9226255
245 0 _aBharati
260 _c1969
650 _aMARATHI LITERATURE
_938000
942 _hO155,3NAL2,1, K9
_cTEXL
_2CC
999 _c469279
_d469279